000 00337nam a2200133Ia 4500
008 240624s9999 xx 000 0 und d
041 _aeng
082 _a005.1 HEN
100 _aHENRY JOEL
245 _aSOFTWARE PROJECT MANAGEMENT A REAL WORLD
260 _c2004
_aNew Delhi
_bPearson Education
300 _a440 : p.
365 _cRS
_b30
999 _c17508
_d17508